<?xml version="1.0" encoding="UTF-8"?>
<record
    xmlns:xsi="http://www.w3.org/2001/XMLSchema-instance"
    xsi:schemaLocation="http://www.loc.gov/MARC21/slim http://www.loc.gov/standards/marcxml/schema/MARC21slim.xsd"
    xmlns="http://www.loc.gov/MARC21/slim">

  <leader>02069nam0a2200433 i 4500</leader>
  <controlfield tag="001">RU\NLR\BIBL_A\016207498</controlfield>
  <controlfield tag="005">20260408235103.0</controlfield>
  <datafield tag="010" ind1=" " ind2=" ">
    <subfield code="a">9785604186053</subfield>
    <subfield code="9">300</subfield>
  </datafield>
  <datafield tag="035" ind1=" " ind2=" ">
    <subfield code="a">(RuMoRGB)010880667</subfield>
  </datafield>
  <datafield tag="035" ind1=" " ind2=" ">
    <subfield code="a">(NLR Aleph) 016207498</subfield>
  </datafield>
  <datafield tag="090" ind1=" " ind2=" ">
    <subfield code="a">12696591</subfield>
    <subfield code="c">12696591</subfield>
  </datafield>
  <datafield tag="100" ind1=" " ind2=" ">
    <subfield code="a">20221115d2019    k  y0rusy50      ca</subfield>
  </datafield>
  <datafield tag="101" ind1="1" ind2=" ">
    <subfield code="a">rus</subfield>
    <subfield code="d">eng</subfield>
    <subfield code="c">jpn</subfield>
    <subfield code="c">chi</subfield>
  </datafield>
  <datafield tag="102" ind1=" " ind2=" ">
    <subfield code="a">RU</subfield>
  </datafield>
  <datafield tag="105" ind1=" " ind2=" ">
    <subfield code="a">ab||z|||000zy</subfield>
  </datafield>
  <datafield tag="181" ind1=" " ind2="0">
    <subfield code="a">i</subfield>
    <subfield code="b">axxe</subfield>
  </datafield>
  <datafield tag="182" ind1=" " ind2="0">
    <subfield code="a">n</subfield>
  </datafield>
  <datafield tag="200" ind1="1" ind2=" ">
    <subfield code="a">&#x41F;&#x435;&#x441;&#x43D;&#x438; "&#x41A;&#x43E;&#x434;&#x437;&#x438;&#x43A;&#x438;", "&#x41D;&#x438;&#x445;&#x43E;&#x43D; &#x421;&#x451;&#x43A;&#x438;" &#x438; "&#x411;&#x443;&#x441;&#x441;&#x43E;&#x43A;&#x443;&#x441;&#x44D;&#x43A;&#x438;-&#x43A;&#x430;"</subfield>
    <subfield code="e">&#x433;&#x43B;&#x43E;&#x441;&#x441;&#x438;&#x440;&#x43E;&#x432;&#x430;&#x43D;&#x438;&#x435;, &#x43C;&#x43E;&#x440;&#x444;&#x43E;&#x43B;&#x43E;&#x433;&#x438;&#x447;&#x435;&#x441;&#x43A;&#x438;&#x439; &#x430;&#x43D;&#x430;&#x43B;&#x438;&#x437;, &#x43F;&#x435;&#x440;&#x435;&#x432;&#x43E;&#x434;&#x44B; &#x438; &#x43A;&#x43E;&#x43C;&#x43C;&#x435;&#x43D;&#x442;&#x430;&#x440;&#x438;&#x438;</subfield>
    <subfield code="f">&#x415;. &#x41D;. &#x41B;&#x435;&#x432;&#x447;&#x435;&#x43D;&#x43A;&#x43E;-&#x428;&#x43C;&#x430;&#x435;&#x432;&#x441;&#x43A;&#x430;&#x44F;</subfield>
  </datafield>
  <datafield tag="203" ind1=" " ind2=" ">
    <subfield code="a">&#x422;&#x435;&#x43A;&#x441;&#x442;</subfield>
    <subfield code="b">&#x432;&#x438;&#x437;&#x443;&#x430;&#x43B;&#x44C;&#x43D;&#x44B;&#x439;</subfield>
    <subfield code="c">&#x43D;&#x435;&#x43F;&#x43E;&#x441;&#x440;&#x435;&#x434;&#x441;&#x442;&#x432;&#x435;&#x43D;&#x43D;&#x44B;&#x439;</subfield>
  </datafield>
  <datafield tag="210" ind1=" " ind2=" ">
    <subfield code="a">&#x41C;&#x43E;&#x441;&#x43A;&#x432;&#x430;</subfield>
    <subfield code="c">&#x418;&#x437;&#x434;-&#x432;&#x43E; &#x432;&#x43E;&#x441;&#x442;&#x43E;&#x447;&#x43D;&#x43E;&#x439; &#x43B;&#x438;&#x442;&#x435;&#x440;&#x430;&#x442;&#x443;&#x440;&#x44B;</subfield>
    <subfield code="d">2019</subfield>
  </datafield>
  <datafield tag="215" ind1=" " ind2=" ">
    <subfield code="a">286, [1] &#x441;.</subfield>
    <subfield code="c">&#x438;&#x43B;., &#x43A;&#x430;&#x440;&#x442;&#x44B;, &#x442;&#x430;&#x431;&#x43B;.</subfield>
    <subfield code="d">22</subfield>
    <subfield code="e">[1] &#x43E;&#x442;&#x434;. &#x43B;. &#x441;&#x445;&#x435;&#x43C;</subfield>
  </datafield>
  <datafield tag="300" ind1=" " ind2=" ">
    <subfield code="a">&#x427;&#x430;&#x441;&#x442;&#x44C; &#x442;&#x435;&#x43A;&#x441;&#x442;&#x430; &#x43D;&#x430; &#x43A;&#x438;&#x442;. &#x438; &#x44F;&#x43F;. &#x44F;&#x437;.</subfield>
  </datafield>
  <datafield tag="300" ind1=" " ind2=" ">
    <subfield code="a">&#x420;&#x435;&#x437;. &#x430;&#x43D;&#x433;&#x43B;.</subfield>
  </datafield>
  <datafield tag="320" ind1=" " ind2=" ">
    <subfield code="a">&#x411;&#x438;&#x431;&#x43B;&#x438;&#x43E;&#x433;&#x440;.: &#x441;. 270-280</subfield>
  </datafield>
  <datafield tag="500" ind1=" " ind2=" ">
    <subfield code="a">&#x41A;&#x43E;&#x434;&#x437;&#x438;&#x43A;&#x438;</subfield>
    <subfield code="3">RU\NLR\AUTH\559383</subfield>
    <subfield code="9">2631399</subfield>
  </datafield>
  <datafield tag="500" ind1="1" ind2="0">
    <subfield code="7">ca</subfield>
    <subfield code="a">&#x41D;&#x438;&#x445;&#x43E;&#x43D; &#x441;&#x451;&#x43A;&#x438;</subfield>
    <subfield code="9">2637595</subfield>
    <subfield code="3">RU\NLR\AUTH\5506622</subfield>
  </datafield>
  <datafield tag="500" ind1="1" ind2="0">
    <subfield code="7">ca</subfield>
    <subfield code="a">&#x411;&#x443;&#x441;&#x441;&#x43E;&#x43A;&#x443;&#x441;&#x44D;&#x43A;&#x438;-&#x43A;&#x430;</subfield>
    <subfield code="n">8 &#x432;.</subfield>
    <subfield code="9">2639538</subfield>
    <subfield code="3">RU\NLR\AUTH\5508566</subfield>
  </datafield>
  <datafield tag="605" ind1=" " ind2=" ">
    <subfield code="a">"&#x411;&#x443;&#x441;&#x441;&#x43E;&#x43A;&#x443;&#x441;&#x44D;&#x43A;&#x438;-&#x43A;&#x430;"</subfield>
    <subfield code="n">8 &#x432;.</subfield>
    <subfield code="9">2542487</subfield>
    <subfield code="3">RU\NLR\AUTH\6601718569</subfield>
  </datafield>
  <datafield tag="605" ind1=" " ind2=" ">
    <subfield code="a">"&#x41A;&#x43E;&#x434;&#x437;&#x438;&#x43A;&#x438;"</subfield>
    <subfield code="9">1537093</subfield>
    <subfield code="3">RU\NLR\AUTH\66669940</subfield>
  </datafield>
  <datafield tag="605" ind1=" " ind2=" ">
    <subfield code="a">"&#x41D;&#x438;&#x445;&#x43E;&#x43D; &#x441;&#x435;&#x43A;&#x438;"</subfield>
    <subfield code="9">2069345</subfield>
    <subfield code="3">RU\NLR\AUTH\661244046</subfield>
  </datafield>
  <datafield tag="606" ind1="1" ind2=" ">
    <subfield code="a">&#x42F;&#x43F;&#x43E;&#x43D;&#x441;&#x43A;&#x438;&#x439; &#x44F;&#x437;&#x44B;&#x43A;</subfield>
    <subfield code="x">&#x418;&#x441;&#x442;&#x43E;&#x440;&#x438;&#x44F;</subfield>
    <subfield code="9">2005629</subfield>
    <subfield code="3">RU\NLR\AUTH\661207065</subfield>
  </datafield>
  <datafield tag="686" ind1="1" ind2=" ">
    <subfield code="a">&#x428;5(5&#x42F;)4-332.4</subfield>
  </datafield>
  <datafield tag="686" ind1="1" ind2=" ">
    <subfield code="a">&#x428;175.42-0</subfield>
  </datafield>
  <datafield tag="700" ind1=" " ind2="1">
    <subfield code="7">ca</subfield>
    <subfield code="8">rus</subfield>
    <subfield code="a">&#x41B;&#x435;&#x432;&#x447;&#x435;&#x43D;&#x43A;&#x43E;-&#x428;&#x43C;&#x430;&#x435;&#x432;&#x441;&#x43A;&#x430;&#x44F;</subfield>
    <subfield code="b">&#x415;. &#x41D;.</subfield>
    <subfield code="g">&#x415;&#x43A;&#x430;&#x442;&#x435;&#x440;&#x438;&#x43D;&#x430; &#x41D;&#x438;&#x43A;&#x43E;&#x43B;&#x430;&#x435;&#x432;&#x43D;&#x430;</subfield>
    <subfield code="9">251731</subfield>
    <subfield code="3">RU\NLR\AUTH\770251787</subfield>
  </datafield>
  <datafield tag="942" ind1=" " ind2=" ">
    <subfield code="c">BOOK</subfield>
  </datafield>
  <datafield tag="980" ind1=" " ind2=" ">
    <subfield code="a">NBR</subfield>
  </datafield>
</record>
